[Event "Who's up for some Caro-Kann??"]
[Site "SchemingMind.com"]
[Date "2005.10.27"]
[Round "-"]
[White "Nestore"]
[Black "paddyBosnian"]
[Result "0-1"]
[WhiteCountry "ITA"]
[BlackCountry "BIH"]
[WhiteElo "1546"]
[WhiteRD "170"]
[BlackElo "1823"]
[BlackRD "77"]
[GameID "28589"]

1. e4 c6 2. d4 d5 3. Nc3 dxe4 4. Nxe4 Bf5 5. Ng3 Bg6 6. Nf3 Nd7 7. Bg5 Ngf6 8. Nh4 e6 9. Nxg6 hxg6 10. Bc4 Qc7
11. O-O Bd6 12. c3 O-O-O 13. Re1 Rde8 14. Qf3 Kb8 15. Ne4 Nxe4 16. Rxe4 Bxh2+ 17. Kf1 Nf6 18. Ree1 Bd6 19. g3 Rh5 20. Bxf6 gxf6
21. Kg2 Reh8 22. Rh1 f5 23. Rxh5 Rxh5 24. Rh1 Rxh1 25. Kxh1 Qd8 26. Kg2 Qg5 27. Kf1 Qc1+ 28. Kg2 Qxb2 29. a4 Qc2 30. a5 Qe4
31. Qxe4 fxe4 32. Be2 a6 33. f3 exf3+ 34. Bxf3 Bc7
0-1

[Event "Who's up for some Caro-Kann??"]
[Site "SchemingMind.com"]
[Date "2005.10.27"]
[Round "-"]
[White "Nestore"]
[Black "mmilano"]
[Result "0-1"]
[WhiteCountry "ITA"]
[BlackCountry "VEN"]
[WhiteElo "1658"]
[WhiteRD "153"]
[BlackElo "1896"]
[BlackRD "100"]
[GameID "28590"]

1. e4 c6 2. d4 d5 3. Nd2 dxe4 4. Nxe4 Bf5 5. Ng3 Bg6 6. Nf3 e6 7. Ne5 Nd7 8. Nxg6 hxg6 9. Bd3 Bd6 10. O-O Ngf6
11. Bg5 Qc7 12. c3 O-O-O 13. h3 e5 14. Re1 exd4 15. cxd4 Bxg3 16. fxg3 Qxg3 17. Bd2 Qxd3 18. Bc3 Qg3 19. Qa4 Rxh3 20. Qc2 Rdh8
0-1

[Event "Who's up for some Caro-Kann??"]
[Site "SchemingMind.com"]
[Date "2005.10.27"]
[Round "-"]
[White "Nestore"]
[Black "carosoko"]
[Result "1-0"]
[WhiteCountry "ITA"]
[BlackCountry "BEL"]
[WhiteElo "1591"]
[WhiteRD "119"]
[BlackElo "1203"]
[BlackRD "150"]
[GameID "28591"]

1. e4 c6 2. d4 d5 3. Nc3 g6 4. Nf3 Bg4 5. exd5 cxd5 6. Be2 Nc6 7. O-O Bg7 8. Be3 Nf6 9. h3 Be6 10. Ng5 Qd7
11. Nxe6 Qxe6 12. Re1 O-O 13. Bd3 a6 14. Ne2 Rac8 15. c3 Qd7 16. Nc1 e5 17. Nb3 e4 18. Be2 h5 19. Qd2 Ne7 20. Nc5 Qc6
21. Bh6 e3 22. Bxe3 Ne4 23. Nxe4 dxe4 24. Bg5 Nf5 25. Bd1 e3 26. Bxe3 Rfe8 27. Bb3 Re7 28. Bg5 Rxe1+ 29. Rxe1 Rc7 30. Qf4
1-0

[Event "Who's up for some Caro-Kann??"]
[Site "SchemingMind.com"]
[Date "2005.10.27"]
[Round "-"]
[White "Gary"]
[Black "Nestore"]
[Result "1-0"]
[WhiteCountry "ENG"]
[BlackCountry "ITA"]
[WhiteElo "1498"]
[WhiteRD "55"]
[BlackElo "1591"]
[BlackRD "119"]
[GameID "28592"]

1. e4 c6 2. d4 d5 3. Nc3 dxe4 4. Nxe4 Bf5 5. Ng3 Bg6 6. Nf3 e6 7. Bd3 Bxd3 8. Qxd3 Nf6 9. O-O Be7 10. c4 Nbd7
11. a3 O-O 12. b4 Rc8 13. Bb2 h6 14. Rfe1 a6 15. Ne4 Nxe4 16. Qxe4 Nf6 17. Qe2 Qc7 18. h3 Rcd8 19. Rad1 b6 20. c5 b5
21. Ne5 Rd5 22. f4= Nh5 23. Qxh5 Bd8 24. Qf3 Bf6 25. g4 Bh4 26. Re2
1-0

[Event "Who's up for some Caro-Kann??"]
[Site "SchemingMind.com"]
[Date "2005.10.31"]
[Round "-"]
[White "Oskyrain"]
[Black "Nestore"]
[Result "1-0"]
[WhiteCountry "ARG"]
[BlackCountry "ITA"]
[WhiteElo "2115"]
[WhiteRD "74"]
[BlackElo "1663"]
[BlackRD "135"]
[GameID "28593"]

1. e4 c6 2. d4 d5 3. e5 Bf5 4. Nf3 e6 5. Nbd2 Bb4 6. c3 Ba5 7. Nb3 Bb6 8. Bg5 Ne7 9. Nh4 Be4 10. Qg4 Qc7
11. Bxe7 Qxe7 12. Qxg7 Rf8 13. Qg4 Nd7 14. Nd2 Bg6 15. Nxg6 hxg6 16. Nf3 O-O-O 17. Bd3 Rg8 18. Qg5 Qxg5 19. Nxg5 Rdf8 20. f4 Rh8
21. h4 c5 22. dxc5 Nxc5 23. Bc2 Bd8 24. Ke2 Bxg5 25. hxg5 Nd7 26. Rh6 Rxh6 27. gxh6 Rh8 28. Rh1 Nc5 29. Ke3 Kc7 30. g4 b5
31. Kd4 Kc6 32. b4 Nd7 33. a4 a6 34. g5 Nf8 35. axb5+
1-0

[Event "Who's up for some Caro-Kann??"]
[Site "SchemingMind.com"]
[Date "2005.10.27"]
[Round "-"]
[White "Aumonde"]
[Black "Nestore"]
[Result "1-0"]
[WhiteCountry "USA"]
[BlackCountry "ITA"]
[WhiteElo "2128"]
[WhiteRD "65"]
[BlackElo "1546"]
[BlackRD "170"]
[GameID "28594"]

1. e4 c6 2. d4 d5 3. f3 e6 4. Be3 dxe4 5. Nd2 exf3 6. Ngxf3 Nf6 7. Bd3 Bd6 8. Qe2 O-O 9. O-O Nbd7 10. c3 Nd5
11. Ng5 Nxe3 12. Bxh7+ Kh8 13. Qxe3 Nf6 14. Qh3 e5 15. Bf5+ Kg8 16. Nde4 Bxf5 17. Rxf5 Re8 18. Nxf6+ gxf6 19. Qh7+
1-0

[Event "Who's up for some Caro-Kann??"]
[Site "SchemingMind.com"]
[Date "2005.10.27"]
[Round "-"]
[White "paddyBosnian"]
[Black "Nestore"]
[Result "1-0"]
[WhiteCountry "BIH"]
[BlackCountry "ITA"]
[WhiteElo "1873"]
[WhiteRD "79"]
[BlackElo "1646"]
[BlackRD "243"]
[GameID "28595"]

1. e4 c6 2. d4 d5 3. Nc3 dxe4 4. Nxe4 Bf5 5. Ng3 Bg6 6. Bc4 e6 7. N1e2 h6 8. Nf4 Bh7 9. Qe2 Nf6 10. O-O Bd6
11. Nxe6 fxe6 12. Qxe6+ Qe7 13. Qc8+ Qd8 14. Re1+ Be7 15. Rxe7+
1-0

[Event "Who's up for some Caro-Kann??"]
[Site "SchemingMind.com"]
[Date "2005.10.28"]
[Round "-"]
[White "mmilano"]
[Black "Nestore"]
[Result "1-0"]
[WhiteCountry "VEN"]
[BlackCountry "ITA"]
[WhiteElo "1923"]
[WhiteRD "88"]
[BlackElo "1663"]
[BlackRD "135"]
[GameID "28596"]

1. e4 c6 2. d4 d5 3. exd5 cxd5 4. c4 e6 5. Nc3 Nf6 6. Nf3 Bb4 7. Bd3 O-O 8. Bg5 Nbd7 9. cxd5 Bxc3+ 10. bxc3 exd5
11. O-O h6 12. Bh4 Qc7 13. Rc1 b6 14. Re1 Bb7 15. Ne5 g5 16. Bg3 Qd8 17. h4 Ne4 18. hxg5 Nxg3 19. gxh6 Ne4 20. Qg4+ Ng5
21. Nxd7 Bc8 22. Bf5 Bxd7 23. Bxd7
1-0

[Event "Who's up for some Caro-Kann??"]
[Site "SchemingMind.com"]
[Date "2005.10.27"]
[Round "-"]
[White "carosoko"]
[Black "Nestore"]
[Result "0-1"]
[WhiteCountry "BEL"]
[BlackCountry "ITA"]
[WhiteElo "1271"]
[WhiteRD "178"]
[BlackElo "1663"]
[BlackRD "135"]
[GameID "28597"]

1. e4 c6 2. d4 d5 3. Nd2 dxe4 4. Nxe4 Bf5 5. Ng3 Bg6 6. N1e2 Nf6 7. h4 h6 8. Nf4 Bh7 9. Bc4 e6 10. Qe2 Nd5
11. O-O Be7 12. Re1 Nxf4 13. Bxf4 O-O 14. Bxe6 fxe6 15. Qxe6+ Rf7 16. Qb3 b6 17. Re2 Bxh4 18. Ne4 Qd5 19. Qxd5 cxd5 20. Bxb8 Rxb8
21. Nd6 Rd7 22. Nb5 a6 23. Nc3 Bf6 24. Rae1 Bg6 25. Re6 Bf7
0-1

[Event "Who's up for some Caro-Kann??"]
[Site "SchemingMind.com"]
[Date "2005.10.27"]
[Round "-"]
[White "Toivop"]
[Black "Gary"]
[Result "1-0"]
[WhiteCountry "EST"]
[BlackCountry "ENG"]
[WhiteElo "1828"]
[WhiteRD "156"]
[BlackElo "1617"]
[BlackRD "66"]
[GameID "28685"]

1. e4 c6 2. d4 d5 3. Nc3 dxe4 4. Nxe4 Nf6 5. Nxf6+ gxf6 6. c3 Bg7 7. Bd3 e5 8. Ne2 Nd7 9. O-O O-O 10. Qc2 h6
11. Rd1 Nb6 12. dxe5 fxe5 13. Bh7+ Kh8 14. Rxd8
1-0

[Event "Who's up for some Caro-Kann??"]
[Site "SchemingMind.com"]
[Date "2005.10.27"]
[Round "-"]
[White "Toivop"]
[Black "Oskyrain"]
[Result "0-1"]
[WhiteCountry "EST"]
[BlackCountry "ARG"]
[WhiteElo "1819"]
[WhiteRD "84"]
[BlackElo "2138"]
[BlackRD "77"]
[GameID "28686"]

1. e4 c6 2. d4 d5 3. Nc3 dxe4 4. Nxe4 Nd7 5. Bc4 Ngf6 6. Ng5 e6 7. Ne2 Bd6 8. O-O Qc7 9. Ng3 Nb6 10. Bd3 O-O
11. Qe2 Rd8 12. N5e4 Nxe4 13. Qxe4 f5 14. Qe2 g6 15. c3 e5 16. dxe5 Bxe5 17. Bg5 Re8 18. Rfe1 Bd7 19. Qc2 Re6 20. Qb3 Re8
21. Rad1 f4 22. Ne4 c5 23. Bc4 Nxc4 24. Qxc4 b5 25. Qxc5 Bc6 26. f3 Bxe4 27. Qxc7 Bxc7 28. fxe4 Bb6+ 29. Kf1 Be3 30. Rd7 Rxe4
31. Red1 R4e5 32. Bf6 R5e6 33. Bd8 h6 34. Bc7 R8e7 35. R1d5 Kf7 36. Rxe7+ Rxe7 37. Bd8 Re8 38. Bc7 a6 39. Rd6 Re6 40. Rd1 g5
41. h3 Ke7 42. Bd8+ Ke8 43. Ba5 Bc5 44. Rd5 Be3 45. Rd1 Rc6 46. Bb4 Kf7 47. Rd7+ Ke6 48. Re7+ Kf6 49. Rh7 Kg6 50. Rd7 Kh5
51. Ke2 Kh4 52. Kf3 h5 53. Rg7 Bc5 54. Bxc5 Rxc5 55. Rd7 Re5 56. Kf2 g4 57. hxg4 hxg4 58. Rd6 g3+ 59. Kf1 a5 60. a3 Kg4
61. Rg6+ Kf5 62. Ra6 a4 63. Rd6 Ke4 64. Rd4+ Ke3 65. Rd8= Rh5 66. Kg1 Ke2 67. Rd4 Re5 68. Rd7 Ke1 69. Rd4 Re2 70. c4 Rxb2
71. Rxf4 Ke2
0-1

[Event "Who's up for some Caro-Kann??"]
[Site "SchemingMind.com"]
[Date "2005.10.27"]
[Round "-"]
[White "Toivop"]
[Black "Aumonde"]
[Result "0-1"]
[WhiteCountry "EST"]
[BlackCountry "USA"]
[WhiteElo "1838"]
[WhiteRD "117"]
[BlackElo "2128"]
[BlackRD "65"]
[GameID "28687"]

1. e4 c6 2. d4 d5 3. Nd2 g6 4. e5 f6 5. Ngf3 Bg7 6. Bd3 fxe5 7. Nxe5 Nd7 8. Ndf3 Nxe5 9. Nxe5 Nf6 10. O-O O-O
11. Qe2 Qd6 12. Bg5 Ne4 13. Bxe4 dxe4 14. Qxe4 Bf5 15. Qh4 Rfe8 16. c3 c5 17. Nf3 Qb6 18. b3 Rac8 19. Bxe7 cxd4 20. cxd4 h6
21. Rfe1 Qc7 22. Bc5 b6 23. Ba3 Rxe1+ 24. Rxe1 Qc2 25. d5 Qxa2 26. Bc1 g5 27. Qa4 Qxa4 28. bxa4 Rd8 29. h4 gxh4 30. Nxh4 Bc2
31. Re2 Bd3 32. Re6 Rxd5 33. Bxh6 Kf7 34. Rc6 Bxh6 35. Rxh6 Ra5 36. Rd6 Bc4 37. f4 Rxa4 38. f5 Ke7 39. Rc6 Kd7 40. Rg6 Bf7
41. Rh6 Bd5 42. Ng6 b5 43. Ne5+ Kc7 44. f6 Ra1+ 45. Kh2 Kd6 46. f7+ Ke7 47. Rh7 Ra6 48. g3 b4 49. Rh4 Ra1 50. Kh3 Rh1+
51. Kg4 Rxh4+ 52. gxh4 b3 53. Nd3 Bxf7 54. Kg5 a5 55. Nb2 Be8 56. Nc4 a4 57. Na3 Kd6 58. h5 Bxh5
0-1

[Event "Who's up for some Caro-Kann??"]
[Site "SchemingMind.com"]
[Date "2005.10.27"]
[Round "-"]
[White "Toivop"]
[Black "paddyBosnian"]
[Result "0-1"]
[WhiteCountry "EST"]
[BlackCountry "BIH"]
[WhiteElo "1828"]
[WhiteRD "156"]
[BlackElo "1873"]
[BlackRD "79"]
[GameID "28688"]

1. e4 c6 2. d4 d5 3. exd5 cxd5 4. c4 Nf6 5. Nc3 Nc6 6. Bg5 Qa5 7. Bxf6 exf6 8. cxd5 Bb4 9. Qd2 Ne7 10. Bb5+ Qxb5
11. Nxb5 Bxd2+ 12. Kxd2 Nxd5 13. Ne2 a6 14. Nec3 axb5 15. Nxd5 Kd8 16. Rhc1 Be6 17. Rc5 Ra4 18. Kc3 Rc4+ 19. Rxc4 bxc4 20. Kxc4 Kd7
0-1

[Event "Who's up for some Caro-Kann??"]
[Site "SchemingMind.com"]
[Date "2005.10.27"]
[Round "-"]
[White "Toivop"]
[Black "mmilano"]
[Result "0-1"]
[WhiteCountry "EST"]
[BlackCountry "VEN"]
[WhiteElo "1807"]
[WhiteRD "88"]
[BlackElo "1940"]
[BlackRD "89"]
[GameID "28689"]

1. e4 c6 2. d4 d5 3. e5 Bf5 4. Bd3 Bxd3 5. Qxd3 Qb6 6. Nf3 Qa6 7. Qxa6 Nxa6 8. O-O e6 9. Bg5 c5 10. c3 Rc8
11. Rc1 Ne7 12. Na3 h6 13. Bd2 Nf5 14. Nb5 Nc7 15. a4 a6 16. Nxc7+ Rxc7 17. b4 cxd4 18. cxd4 Kd7 19. Rxc7+ Kxc7 20. Rc1+ Kb8
21. g4 Ne7 22. b5 axb5 23. axb5 Nc8 24. Kg2 Be7 25. Kg3 Nb6 26. Rc2 Nc4 27. Bf4 Rc8 28. Rc3 Ka7 29. g5 hxg5 30. Bxg5 Bf8
31. h3 Kb6 32. Rb3 Ra8 33. Bf4 f6 34. exf6 gxf6 35. h4 Bd6 36. Bxd6 Nxd6 37. h5 Rg8+ 38. Kf4 Nxb5 39. Rb2 Kc6 40. Rc2+ Kd7
41. Rb2 Nd6 42. Rb4 Kc6 43. Rb2 b5 44. Rc2+ Nc4 45. Rc1 b4 46. Rb1 Kb5 47. h6 Rh8 48. Rh1 b3 49. Kg4 b2 50. Kh5 Ra8
51. h7 Ra1 52. Rxa1 bxa1=Q 53. h8=Q Qh1+ 54. Nh4 Qd1+ 55. f3 Qxd4 56. Qe8+ Kb4 57. Qxe6 Qe5+ 58. Qxe5 fxe5 59. Kg5 d4
0-1

[Event "Who's up for some Caro-Kann??"]
[Site "SchemingMind.com"]
[Date "2005.10.27"]
[Round "-"]
[White "Toivop"]
[Black "carosoko"]
[Result "1-0"]
[WhiteCountry "EST"]
[BlackCountry "BEL"]
[WhiteElo "1819"]
[WhiteRD "84"]
[BlackElo "1203"]
[BlackRD "150"]
[GameID "28690"]

1. e4 c6 2. d4 d5 3. Nc3 g6 4. e5 h5 5. Nf3 Bg7 6. Be2 Bg4 7. O-O Bxf3 8. Bxf3 e6 9. Bf4 Ne7 10. Qd2 Nd7
11. Ne2 Qb6 12. Bg5 Nf5 13. c3 c5 14. Rac1 O-O 15. Rcd1 c4 16. Qc2 a5 17. Qa4 Qc7 18. Ng3 Nxg3 19. fxg3 b5 20. Qc2 b4
21. Be2 Qb6 22. Rf2 a4 23. Rdf1 b3 24. axb3 axb3 25. Qd2 Ra2 26. Be7 Rfa8 27. Rxf7 Nxe5 28. Rxg7+ Kxg7 29. Bf6+ Kh7 30. Bxe5 Ra1
31. Bd1 Rb1 32. Rf7+ Kg8 33. Rg7+ Kf8 34. Qf2+
1-0

[Event "Who's up for some Caro-Kann??"]
[Site "SchemingMind.com"]
[Date "2005.10.27"]
[Round "-"]
[White "Toivop"]
[Black "Nestore"]
[Result "1-0"]
[WhiteCountry "EST"]
[BlackCountry "ITA"]
[WhiteElo "1828"]
[WhiteRD "156"]
[BlackElo "1646"]
[BlackRD "243"]
[GameID "28691"]

1. e4 c6 2. d4 d5 3. Bd3 dxe4 4. Bxe4 Nf6 5. Bf3 Bf5 6. Ne2 e6 7. O-O Be7 8. Ng3 Bg6 9. Bf4 O-O 10. Nc3 Nbd7
11. Re1 Qb6 12. Na4 Qb5 13. b3 Bb4 14. c3 Ba5 15. b4 Nb6 16. Nc5 Nbd7 17. Be2 Qb6 18. bxa5 Qxa5 19. Nxd7 Nxd7 20. Qb3 Qb6
21. Bd6 Qxb3 22. axb3 Rfe8 23. Bh5 Bxh5 24. Nxh5 Rad8 25. Rxa7
1-0

[Event "Who's up for some Caro-Kann??"]
[Site "SchemingMind.com"]
[Date "2005.10.27"]
[Round "-"]
[White "Gary"]
[Black "Toivop"]
[Result "0-1"]
[WhiteCountry "ENG"]
[BlackCountry "EST"]
[WhiteElo "1498"]
[WhiteRD "55"]
[BlackElo "1819"]
[BlackRD "84"]
[GameID "28692"]

1. e4 c6 2. d4 d5 3. Nc3 dxe4 4. Nxe4 Nd7 5. Nf3 Ngf6 6. Nxf6+ Nxf6 7. Bc4 e6 8. O-O Be7 9. Bf4 O-O 10. Re1 Qb6
11. Bb3 c5 12. Be5 Ng4 13. c3 c4 14. Bxc4 Qxb2 15. Qd2 Qxd2 16. Nxd2 Nxe5 17. Rxe5 b6 18. f3 Bd6 19. Re2 Bb7 20. Ne4 Bxe4
21. fxe4 Rac8 22. Bb3 Rxc3 23. Rc2 Rd3 24. d5 exd5 25. Bxd5= Bc5+ 26. Kf1 Re8 27. Rb1 Kf8 28. Rb3 Rd1+ 29. Ke2 Rxd5
0-1

[Event "Who's up for some Caro-Kann??"]
[Site "SchemingMind.com"]
[Date "2005.10.31"]
[Round "-"]
[White "Oskyrain"]
[Black "Toivop"]
[Result "1-0"]
[WhiteCountry "ARG"]
[BlackCountry "EST"]
[WhiteElo "2110"]
[WhiteRD "71"]
[BlackElo "1809"]
[BlackRD "91"]
[GameID "28693"]

1. e4 c6 2. d4 d5 3. e5 Bf5 4. Nd2 Nd7 5. Ngf3 e6 6. c4 f6 7. Qb3 Qc7 8. cxd5 exd5 9. Be2 fxe5 10. dxe5 Bc5
11. Qc3 Qb6 12. O-O Ne7 13. a3 Ng6 14. b4 Nf4 15. Bd1 Be7 16. Nc4 Nh3+ 17. gxh3 dxc4 18. Qxc4 c5 19. Re1 Be6 20. Qe4 cxb4
21. Bg5 Bc5 22. Bh4 b3 23. Ng5 b2 24. Bh5+ g6 25. Bxg6+ Kf8 26. Rad1 hxg6 27. Qxg6 Bg8 28. Qf5+ Nf6 29. Rd6 Qxd6 30. exd6 Bd4
31. Bg3 Ba2 32. d7 b1=Q 33. Rxb1 Bxb1 34. Qxb1 Kg7 35. Ne6+
1-0

[Event "Who's up for some Caro-Kann??"]
[Site "SchemingMind.com"]
[Date "2005.10.28"]
[Round "-"]
[White "Aumonde"]
[Black "Toivop"]
[Result "1-0"]
[WhiteCountry "USA"]
[BlackCountry "EST"]
[WhiteElo "2123"]
[WhiteRD "76"]
[BlackElo "1828"]
[BlackRD "156"]
[GameID "28694"]

1. e4 c6 2. d4 d5 3. f3 e6 4. Be3 dxe4 5. Nd2 exf3 6. Ngxf3 Nf6 7. Bd3 Be7 8. O-O Nbd7 9. Qe2 Nd5 10. Rae1 O-O
11. c3 c5 12. Nb3 cxd4 13. Nbxd4 Nxe3 14. Qxe3 Qb6 15. Nd2 Nc5 16. Bc2 h6 17. b4 Bg5 18. Qe2 Nd7 19. Qd3 g6 20. Rxe6 Qxe6
21. Nxe6 Ne5 22. Qg3 Bxe6 23. Ne4 Nc6 24. Nxg5 hxg5 25. Qxg5 Kg7 26. Qf6+
1-0

[Event "Who's up for some Caro-Kann??"]
[Site "SchemingMind.com"]
[Date "2005.10.27"]
[Round "-"]
[White "paddyBosnian"]
[Black "Toivop"]
[Result "0-1"]
[WhiteCountry "BIH"]
[BlackCountry "EST"]
[WhiteElo "1823"]
[WhiteRD "77"]
[BlackElo "1838"]
[BlackRD "117"]
[GameID "28695"]

1. e4 c6 2. d4 d5 3. Nc3 dxe4 4. Nxe4 Nd7 5. Nf3 Ngf6 6. Ng3 e6 7. Bd3 c5 8. O-O cxd4 9. Nxd4 Bc5 10. Nb3 O-O
11. Bg5 Bb6 12. Qf3 Ne5 13. Qf4 Nxd3 14. cxd3 Nd5 15. Qg4 e5 16. Bxd8 Bxg4 17. Bxb6 Nxb6 18. f3 Be6 19. Nc5 Bd5 20. Rfe1 Rac8
21. Rac1 Rfe8 22. Nf5 Rcd8 23. b3 Bc6 24. d4 g6 25. Nh6+ Kg7 26. Ng4 exd4 27. Ne5 Nd5 28. Kf2 Nc3 29. Nxc6 bxc6 30. Ne4 Nxa2
31. Rc4 d3 32. Ra4 d2 33. Rd1 Rxe4 34. Rxa2 Rb4 35. Raxd2 Rxd2+ 36. Rxd2 Rxb3 37. Rd7 a5 38. Ra7 Rb5 39. Ra6 Rc5 40. g4 Kf6
41. h4 Ke5 42. Ra7 Ke6 43. Ke3 h5 44. Kd4 Rb5 45. Ra6 hxg4 46. Rxc6+ Kd7 47. Ra6 g3
0-1

[Event "Who's up for some Caro-Kann??"]
[Site "SchemingMind.com"]
[Date "2005.10.28"]
[Round "-"]
[White "mmilano"]
[Black "Toivop"]
[Result "1-0"]
[WhiteCountry "VEN"]
[BlackCountry "EST"]
[WhiteElo "1923"]
[WhiteRD "88"]
[BlackElo "1805"]
[BlackRD "86"]
[GameID "28696"]

1. e4 c6 2. d4 d5 3. Nc3 dxe4 4. Nxe4 Bf5 5. Ng3 Bg6 6. h4 h6 7. h5 Bh7 8. Nf3 Nf6 9. Bd3 Bxd3 10. Qxd3 e6
11. Bf4 Nbd7 12. O-O-O Nd5 13. Bd2 Bd6 14. Ne4 Be7 15. c4 N5f6 16. Bc3 Nxe4 17. Qxe4 Qc7 18. d5 Nf6 19. Bxf6 cxd5 20. Qc2 Bxf6
21. cxd5 Qxc2+ 22. Kxc2 Rc8+ 23. Kb1 exd5 24. Rhe1+ Kf8 25. Rxd5 Rd8 26. Rxd8+ Bxd8 27. Ne5 Be7 28. Rc1 Bd8 29. Rc8 Ke7 30. Rb8 Ke6
31. f4 b6 32. Kc2 Rf8 33. Kd3 a6 34. g4 f6 35. Nc6 Kd7 36. Nxd8 Rxd8 37. Rxd8+ Kxd8 38. Kd4 Ke7 39. Kd5 b5 40. b4
1-0

[Event "Who's up for some Caro-Kann??"]
[Site "SchemingMind.com"]
[Date "2005.10.28"]
[Round "-"]
[White "carosoko"]
[Black "Toivop"]
[Result "0-1"]
[WhiteCountry "BEL"]
[BlackCountry "EST"]
[WhiteElo "1431"]
[WhiteRD "295"]
[BlackElo "1838"]
[BlackRD "117"]
[GameID "28697"]

1. e4 c6 2. d4 d5 3. Nd2 dxe4 4. Nxe4 Bf5 5. Ng3 Bg6 6. N1e2 Nd7 7. Nf4 e6 8. h4 Bd6 9. Nxg6 hxg6 10. Bc4 Rxh4
11. Rxh4 Qxh4 12. Qf3 Qxd4 13. Be2 Ngf6 14. c3 Qb6 15. Kf1 O-O-O 16. a4 Rh8 17. a5 Bxg3
0-1

[Event "Who's up for some Caro-Kann??"]
[Site "SchemingMind.com"]
[Date "2005.10.27"]
[Round "-"]
[White "Nestore"]
[Black "Toivop"]
[Result "0-1"]
[WhiteCountry "ITA"]
[BlackCountry "EST"]
[WhiteElo "1546"]
[WhiteRD "170"]
[BlackElo "1838"]
[BlackRD "117"]
[GameID "28698"]

1. e4 c6 2. d4 d5 3. e5 Bf5 4. Nf3 e6 5. Nc3 Nd7 6. Bd3 Bxd3 7. Qxd3 c5 8. Be3 cxd4 9. Bxd4 Be7 10. O-O a6
11. Rfe1 Nh6 12. Ne2 Nf5 13. c3 O-O 14. Rac1 Qa5 15. a3 Nc5 16. Bxc5 Qxc5 17. Ned4 Nh4 18. Re3 Ng6 19. g3 Rfc8 20. Nd2 Qb6
21. b4 Bg5 22. f4 Be7 23. N2f3 Rc4 24. f5 Nf8 25. Nd2 Rcc8 26. Rf3 f6 27. exf6 Bxf6 28. Nb3 e5 29. Rff1 exd4 30. cxd4 Qb5
31. Qxb5 axb5 32. Rxc8 Rxc8 33. Rd1 Rc3 34. Nc5 Rxa3 35. Nxb7 Rb3 36. Nc5 Rxb4
0-1

[Event "Who's up for some Caro-Kann??"]
[Site "SchemingMind.com"]
[Date "2005.10.28"]
[Round "-"]
[White "Louis Lima"]
[Black "Gary"]
[Result "1-0"]
[WhiteCountry "ESP"]
[BlackCountry "ENG"]
[WhiteElo "1667"]
[WhiteRD "52"]
[BlackElo "1523"]
[BlackRD "64"]
[GameID "28765"]

1. e4 c6 2. d4 d5 3. f3 g6 4. Nc3 Bg7 5. Be3 e6 6. Qd2 Ne7 7. O-O-O O-O 8. Bh6 Nd7 9. h4 b5 10. h5 f5
11. hxg6 hxg6 12. e5 a5 13. Bxb5 Ba6 14. Bxg7 Kxg7 15. Qh6+ Kf7 16. Qh7+ Ke8 17. Bxc6 Rc8 18. Ba4 Qb6 19. Qg7
1-0

[Event "Who's up for some Caro-Kann??"]
[Site "SchemingMind.com"]
[Date "2005.10.28"]
[Round "-"]
[White "Louis Lima"]
[Black "Oskyrain"]
[Result "0-1"]
[WhiteCountry "ESP"]
[BlackCountry "ARG"]
[WhiteElo "1717"]
[WhiteRD "56"]
[BlackElo "2110"]
[BlackRD "71"]
[GameID "28766"]

1. e4 c6 2. d4 d5 3. exd5 cxd5 4. c4 Nf6 5. Nc3 Bf5 6. Qb3 Qb6 7. Qxb6 axb6 8. cxd5 Na6 9. Bb5+ Bd7 10. Bxd7+ Kxd7
11. Bg5 Nb4 12. Bxf6 gxf6 13. Kd2 Bh6+ 14. Ke2 Ra5 15. Nf3 Nxd5
0-1

[Event "Who's up for some Caro-Kann??"]
[Site "SchemingMind.com"]
[Date "2005.10.28"]
[Round "-"]
[White "Louis Lima"]
[Black "Aumonde"]
[Result "0-1"]
[WhiteCountry "ESP"]
[BlackCountry "USA"]
[WhiteElo "1717"]
[WhiteRD "56"]
[BlackElo "2145"]
[BlackRD "64"]
[GameID "28767"]

1. e4 c6 2. d4 d5 3. e5 Bf5 4. Bd3 Bxd3 5. Qxd3 e6 6. Nc3 Qb6 7. Nge2 Qa6 8. Nf4 Qxd3 9. Nxd3 Nd7 10. Be3 Ne7
11. f4 Nf5 12. Ke2 Nxe3 13. Kxe3 Rc8 14. Ne2 c5 15. c3 Be7 16. g4 O-O 17. h4 c4 18. Nf2 f5 19. gxf5 Rxf5 20. Ng3 Rf7
21. h5 Rcf8 22. Nh3 Nb6 23. Raf1 Na4 24. Rf2 h6 25. Ng1 Nc5 26. Rf3 Nd3 27. N1e2 Nxb2 28. Rb1 Ba3 29. f5 Nd3 30. Rbf1 Be7
31. Nf4 Bg5 32. Ne2 Rxf5
0-1

[Event "Who's up for some Caro-Kann??"]
[Site "SchemingMind.com"]
[Date "2005.10.28"]
[Round "-"]
[White "Louis Lima"]
[Black "paddyBosnian"]
[Result "1-0"]
[WhiteCountry "ESP"]
[BlackCountry "BIH"]
[WhiteElo "1983"]
[WhiteRD "85"]
[BlackElo "1823"]
[BlackRD "77"]
[GameID "28768"]

1. e4 c6 2. d4 d5 3. Nc3 dxe4 4. Nxe4 Bf5 5. Ng3 Bg6 6. h4 h6 7. Nh3 Nf6 8. Nf4 Bh7 9. Bc4 e5 10. Qe2 Qxd4
11. c3 Qd8 12. Qxe5+ Be7 13. Nf5 Bxf5 14. Qxf5 O-O 15. Ng6 Nbd7 16. Nxf8 Bxf8 17. Be3 Nb6 18. Bb3 Nbd5 19. O-O-O a5 20. c4 a4
21. Bc2 a3 22. cxd5 axb2+ 23. Kb1 Rxa2 24. Kxa2 Qa5+ 25. Kxb2 Ba3+ 26. Ka2 Bf8+ 27. Kb1 Qb5+ 28. Bb3 Qxb3+ 29. Kc1 Qa2 30. Qc2 Ba3+
31. Kd2 Qxd5+ 32. Ke2 Qh5+ 33. f3
1-0

[Event "Who's up for some Caro-Kann??"]
[Site "SchemingMind.com"]
[Date "2005.10.28"]
[Round "-"]
[White "Louis Lima"]
[Black "mmilano"]
[Result "0-1"]
[WhiteCountry "ESP"]
[BlackCountry "VEN"]
[WhiteElo "1667"]
[WhiteRD "52"]
[BlackElo "1923"]
[BlackRD "88"]
[GameID "28769"]

1. e4 c6 2. d4 d5 3. f3 e6 4. Be3 Nf6 5. e5 Nfd7 6. f4 c5 7. c3 Nc6 8. Nf3 a6 9. Bd3 Qb6 10. Qc2 c4
11. Be2 Be7 12. Nbd2 Qc7 13. O-O b5 14. a3 h6 15. Bf2 g5 16. fxg5 hxg5 17. h3 Bb7 18. Bg3 O-O-O 19. a4 Rdg8 20. axb5 axb5
21. b3 g4 22. hxg4 Rxg4 23. Be1 Rhg8 24. Rf2 Ndxe5 25. Nxe5 Nxe5 26. dxe5 Rg3 27. Bf1 Bc5 28. b4 Bb6 29. Nf3 d4 30. cxd4 Bxf3
31. Rxf3 Rxf3 32. Ra8+ Kd7 33. Rxg8 Bxd4+ 34. Kh2 Bxe5+ 35. Kh1 Rxf1#
0-1

[Event "Who's up for some Caro-Kann??"]
[Site "SchemingMind.com"]
[Date "2005.10.28"]
[Round "-"]
[White "Louis Lima"]
[Black "carosoko"]
[Result "1-0"]
[WhiteCountry "ESP"]
[BlackCountry "BEL"]
[WhiteElo "1667"]
[WhiteRD "52"]
[BlackElo "1271"]
[BlackRD "178"]
[GameID "28770"]

1. e4 c6 2. d4 d5 3. exd5 cxd5 4. Bd3 Nc6 5. c3 Nf6 6. Bf4 Bg4 7. Qb3 Qc8 8. Nd2 e6 9. h3 Bf5 10. Bxf5 exf5
11. Ngf3 Be7 12. O-O O-O 13. Bg5 Qd7 14. Ne5 Nxe5 15. dxe5= Ne4 16. Nxe4 dxe4 17. Be3 b6 18. Rad1 Qe6 19. Qxe6
1-0

[Event "Who's up for some Caro-Kann??"]
[Site "SchemingMind.com"]
[Date "2005.10.28"]
[Round "-"]
[White "Louis Lima"]
[Black "Nestore"]
[Result "0-1"]
[WhiteCountry "ESP"]
[BlackCountry "ITA"]
[WhiteElo "1973"]
[WhiteRD "93"]
[BlackElo "1646"]
[BlackRD "243"]
[GameID "28771"]

1. e4 c6 2. d4 d5 3. Nd2 dxe4 4. Nxe4 Bf5 5. Ng3 Bg6 6. h4 h6 7. Nf3 Nf6 8. Ne5 Bh7 9. Bc4 e6 10. Qe2 Qxd4
11. Nxf7 Bb4+ 12. c3 Bxc3+ 13. Kf1 O-O 14. Qxe6 Qd1+
0-1